| 000 | 00829nam a2200217 4500 | ||
|---|---|---|---|
| 001 | 123084 | ||
| 003 | ES-MaACL | ||
| 005 | 20240126063008.0 | ||
| 007 | t| | ||
| 008 | 070214s1972 sp r ||||0| cat d | ||
| 100 | 1 |
_aProust, Marcel, _d1871-1922 _994056 |
|
| 245 | 1 | 0 |
_aMarcel Proust en els seus millors escrits / _cpresentació Maurici Serrahima. Marcel Proust vida i obra i Itinerari a través de la A recerca del temps perdut / Josep Albanell. |
| 260 |
_aBarcelona : _bMiquel Arimary, _c1972. |
||
| 300 |
_a86 p : _b1 lám. = retr. aut ; _c20 cm. |
||
| 700 | 1 |
_aSerrahima, Maurici. _9105674 |
|
| 700 | 1 |
_aAlbanell, Josep. _919226 |
|
| 740 | 0 | _aMarcel Proust vida i obra. | |
| 740 | 0 | _aItinerari a través de la A recerca del temps perdut. | |
| 852 |
_aES-MaACL _jC-44799 _bR.83188 |
||
| 999 |
_c123084 _d123084 |
||